Alle Dortmund Spieler 2023 - Statistiken

Allgemein
  • Dieses Quiz wurde 58 mal gespielt
  • Das Durchschnittsergebnis liegt bei 16 aus 29
Antwortstatistiken
Hint Antwort % Korrekt
15 Mats Hummels
96%
1 Gregor Kobel
94%
11 Marco Reus
92%
19 Julian Brandt
78%
4 Nico Schlotterbeck
78%
9 Sebastian Haller
78%
22 Jude Bellingham
74%
25 Niklas Süle
74%
23 Emre Can
72%
33 Alexander Meyer
62%
27 Karim Adeyemi
62%
13 Raphael Guerreiro
60%
17 Marius Wolf
58%
21 Donyell Malen
56%
43 Jamie Bynoe Gittens
56%
7 Giovanni Reyna
54%
6 Salih Özcan
52%
24 Thomas Meunier
48%
18 Youssoufa Moukoko
46%
14 Nico Schulz
44%
26 Julian Ryerson
42%
2 Mateu Morey
38%
20 Anthony Modeste
34%
35 Marcel Lotka
30%
8 Mahmoud Dahoud
26%
30 Felix Passlack
24%
36 Tom Rothe
22%
38 Luca Unbehaun
18%
44 Soumaila Coulibaly
18%
Keine übereinstimmenden Quizze gefunden
Verteilung der Resultate
Anzahl Personen mit jedem Resultat
Perzentil nach korrekt beantworteten Fragen
Ihre Resultats-Entwicklung
Sie haben dieses Quiz noch nicht gespielt